000 00410nam a22001697a 4500
003 NUST-PNEC
005 20170116180724.0
008 141030b xxu||||| |||| 00| 0 eng d
040 _cPNEC
082 _a621.38195 BIP
100 _9873
_aBipolar
245 _aBipolar LSI data Book
260 _aSunnyaie
_bMonolithic Memories
_c1980
300 _avarious pagings
_c23 cm.
650 _xEL
942 _2ddc
_cBK
999 _c61520
_d61520